000 00924cam a2200265 4500
001 sa 68014658
003 DLC
005 20260227112633.0
008 700211s1968 ii a 00010 eng
010 _asa 68014658 //r915
025 _aPL480:I-E-10735
040 _aDLC
_cDLC
_dDLC
043 _ae-ur---
_aa-pk---
050 0 0 _aHF1590.15.R8
_bJ3
082 0 0 _a382/.0954/047
100 1 0 _aJain, A. P.
_q(Ajit Pershad),
_d1933-
_ecomp.
245 1 0 _aNational hara-kiri?
_bRussian arms aid to Pakistan, rupee payment trade [and] dovetailing of the Fourth plan.
_cEdited by A. P. Jain.
260 0 _aNew Delhi,
_bSociety for Parliamentary Studies
_c[1968]
300 _av, 48 p.
_billus.
_c22 cm.
350 _a1.00
500 _aCover title.
651 0 _aIndia
_xForeign economic relations
_zSoviet Union.
651 0 _aSoviet Union
_xForeign economic relations
_zIndia.
650 0 _aMilitary assistance, Soviet
_zPakistan.
999 _c85938
_d85938